Wikipedia-Artikel nach ersten Sätzen #3 - Statistiken

Allgemein
  • Dieses Quiz wurde 108 mal gespielt
  • Das Durchschnittsergebnis liegt bei 6 aus 10
Antwortstatistiken
Frage Antwort % Korrekt
(???) ist ein politisch selbstverwalteter Bestandteil des Königreichs Dänemark. Der überwiegende Teil der Landesfläche besteht aus der größten Insel der Erde, gelegen im Nordatlantik bzw. Arktischen Ozean. Das Gebiet, das geografisch zu Nordamerika und geologisch zu dessen arktischer Teilregion gezählt wird, verfügt über die nördlichste Landfläche der Erde und ist nur spärlich besiedelt. Grönland
100%
Das Jahr (???) markiert das Ende des Zweiten Weltkrieges und damit den Beginn der Nachkriegszeit. In Europa wird die Wehrmacht an der Ostfront von der Roten Armee in ihrer Winteroffensive an die Oder zurückgedrängt, während mit der Ardennenoffensive ein letzter Vorstoß gegen die Alliierten an der Westfront scheitert und die deutschen Städte im Bombenkrieg zerstört werden. 1945
80%
(???) ist die Zentralfigur im Pentateuch. Nach biblischer Überlieferung führte der Prophet (???) (Dtn 34,10) als von Gott Beauftragter das Volk der Israeliten auf einer 40 Jahre währenden Wanderung aus der ägyptischen Sklaverei in das kanaanäische Land. Mose
80%
(???) (* 20. Februar 1988 in Saint Michael) ist eine barbadische R&B- und Pop-Sängerin, Schauspielerin, Modedesignerin und Unternehmerin. Sie verkaufte mehr als 250 Millionen Tonträger (Stand: Juli 2021) und gehört damit zu den erfolgreichsten Künstlern weltweit. 2012, 2013 und 2017 war sie die meistgestreamte Musikerin auf Spotify. Rihanna
80%
(???) ist ein chemisches Element mit dem Elementsymbol Ag und der Ordnungszahl 47. Es zählt zu den Übergangsmetallen. Im Periodensystem steht es in der 5. Periode und der 1. Nebengruppe (Gruppe 11) oder Kupfergruppe. Silber
80%
(???) ist die Umsetzung von Inspiration (meist Musik und/oder Rhythmus) in Bewegung. (???) ist ein Ritual, ein Brauch, eine darstellende Kunstgattung, eine Berufstätigkeit, eine Sportart, eine Therapieform, eine Form sozialer Interaktion oder schlicht ein Gefühlsausdruck. Tanz
80%
(???) oder (???) (* 26. Dezember 1893 in Shaoshan; † 9. September 1976 in Peking) war ein marxistisch-leninistischer Revolutionstheoretiker und diktatorisch regierender Politiker als Vorsitzender der Kommunistischen Partei Chinas sowie Präsident der Volksrepublik China mit den Titeln „Überragender Führer“ und „Großer Steuermann“. Mao Zedong
60%
(???) ist eine Serie von Videospielen des japanischen Spielkonsolenherstellers und Spieleentwicklers Nintendo. Das erste Spiel der Reihe erschien 1985 mit Super Mario Bros. für den Famicom, zunächst exklusiv in Japan. Als Erschaffer der Spielreihe und der Figur Mario zeichnet Shigeru Miyamoto verantwortlich, der noch immer für den Konzern tätig ist. Bis heute haben sich die Spiele der Serie weltweit über 400 Millionen Mal verkauft, was (???) zu einer der bisher meistverkauften Spieleserien macht. Super Mario
60%
Der (???), auch als (???), einst auch als Schupp bezeichnet, ist ein in Nordamerika heimisches, mittelgroßes Säugetier. Seit Mitte des 20. Jahrhunderts ist er als Neozoon auch auf dem europäischen Festland, im Kaukasus und in Japan vertreten, nachdem er dort aus Gehegen entkommen ist oder ausgesetzt wurde. (???) sind überwiegend nachtaktive Raubtiere und leben bevorzugt in gewässerreichen Laub- und Mischwäldern. Aufgrund ihrer Anpassungsfähigkeit leben sie zunehmend auch in Bergwäldern, Salzwiesen und urbanen Gebieten. Waschbär
20%
(???) ist die Verfilmung des gleichnamigen Romans von Lothar-Günther Buchheim unter der Regie von Wolfgang Petersen aus dem Jahr 1981. Das Kriegsdrama spielt im Zweiten Weltkrieg im November und Dezember 1941 und schildert die Erlebnisse der Besatzung eines deutschen U-Boots auf Feindfahrt während des U-Boot-Kriegs der Atlantikschlacht. Das Boot (Film)
0%
Keine übereinstimmenden Quizze gefunden
Verteilung der Resultate
Anzahl Personen mit jedem Resultat
Perzentil nach korrekt beantworteten Fragen
Ihre Resultats-Entwicklung
Sie haben dieses Quiz noch nicht gespielt